00825nam a2200229 i 450000100060000000300090000600500170001500700030003200800410003510000360007624500850011226000380019730000280023550000130026350500610027670000540033774000220039174000230041385200210043699900170045795201210047424926ES-MaACL20250727154944.0t|021219s1973 xxk ||||1| eng d1 aAngulo Iñiguez, Diego.92178812aA corpus of spanish drawings / cby Diego Angulo & Alfonso E. Pérez Sánchez. aLondon : bHarvey Miller, c1973. a2 v. : bil. ; c34 cm. aIndices.8 aContiene: II. Madrid 1600-1650 -- III. Sevilla 1600-16501 aPérez Sánchez, Alfonso E.,d1935-201092408830 aMadrid 1600-1650.0 aSevilla 1600-1650. aES-MaACLjP-1936 c24926d24926 00104070aATENEOMbATENEOMcDEPO2d2008-01-17eSCl0oP-1936p1025699r2023-02-23 00:00:00w2023-02-23yMONOGRAFIA